LEADER 00725nam a2200217 i 4500 001 991000297739707536 005 20020506124910.0 008 991002s1889 it ||| | ita 035 $ab10681024-39ule_inst 035 $aEXGIL143120$9ExL 040 $aBiblioteca Interfacoltà$bita 100 1 $aPraga, Emilio$0170617 245 10$aTavolozza 260 $aTorino :$bCasanova,$c1889 300 $aXLVI, 176 p. ;$c17 cm. 907 $a.b10681024$b02-04-14$c28-06-02 912 $a991000297739707536 945 $aLE002 Fondo Giudici A 743$g1$iLE002G-2165$lle002$o-$pE0.00$q-$rn$so $t0$u0$v0$w0$x0$y.i1077449x$z28-06-02 996 $aTavolozza$9910027 997 $aUNISALENTO 998 $ale002$b01-01-99$cm$da $e-$fita$git $h0$i1 LEADER 04523nam 2200757 a 450 001 9911020207603321 005 20200520144314.0 010 $a9786610275342 010 $a9781280275340 010 $a1280275340 010 $a9780470315514 010 $a0470315512 010 $a9780471715962 010 $a0471715964 010 $a9780471715955 010 $a0471715956 024 7 $a10.1002/0471715964 035 $a(CKB)1000000000355318 035 $a(EBL)225810 035 $a(SSID)ssj0000153665 035 $a(PQKBManifestationID)11178377 035 $a(PQKBTitleCode)TC0000153665 035 $a(PQKBWorkID)10393281 035 $a(PQKB)10362205 035 $a(MiAaPQ)EBC225810 035 $a(CaBNVSL)mat05201877 035 $a(IDAMS)0b0000648104ae4a 035 $a(IEEE)5201877 035 $a(OCoLC)85820397 035 $a(PPN)271889241 035 $a(Perlego)2768046 035 $a(EXLCZ)991000000000355318 100 $a20041129d2005 uy 0 101 0 $aeng 135 $aur|n|---||||| 181 $ctxt 182 $cc 183 $acr 200 10$aFatal exit $ethe automotive black box debate /$fThomas M. Kowalick 210 $aPiscataway, NJ $cIEEE Press ;$aHoboken, NJ $cWiley$dc2005 215 $a1 online resource (501 p.) 300 $aDescription based upon print version of record. 311 08$a9780471698074 311 08$a0471698075 320 $aIncludes bibliographical references (p. 441-469) and index. 327 $aAcknowledgments. -- Foreword. -- Introduction. -- I. SYMPTOMS OF A PROBLEM. -- 1 Question Everything. -- 2 Nothing Happens for the First Time: 1969-1998. -- 3 Shifting Gears: April 1998-September 2002. -- 11. SAFETY DEBATE. -- 4 NHTSA Call for Comments: October 2002. -- 5 Things Are Further Away in the Dark: December 2002. -- 6 Blowin' the Horn: January 2003. -- 111. SOCIETAL I S S U E S. -- 7 Cruise Control: February 2003. -- 8 Turn Signals: February to March 2003. -- 9 Speed Bumps: March to November 2003. -- 10 Legal and Privacy Issues: 1999-2004. -- 11 Pros and Cons and Customers of Safety Data and NHTSA Rulemaking. -- 12 The Road Ahead: Automotive's Second Century. -- Glossary of Acronyms and Abbreviations. -- Glossary of Terms. -- Other Resources. -- Standards. -- Chronology. -- Notes. -- Bibliography. -- Index. 330 $aFATAL EXIT is the first and only book documenting the decades-long debate among the automotive industry, government regualtors, and safety and privacy advocates over what the public terms "automobile black boxes". The book briefly traces the history of the debate from 1974 to 2004, and then clearly presents opposing viewpoints for and against the widespread use of emerging Motor Vehicle Event Data Recorder (MVEDR) technology. The arguments are followed by proposals to proceed with developing and utilizing the technology in ways that are both effective and respectful of individual privacy. The reader of this book will be able to develop an informed opinion as to the usefulness of MVEDRs and thus contribute intelligently to the debate as the United States Congress considers legislation that mandates this technology. In the United States 220,935,000 registered owners of motor vehicles are becoming aware of black box technology through newspaper and magazine articles, and television news stories. Many understand that these boxes already exist in 40 million cars. Yet motorists still have many questions and concerns about widespread use of the technology. As the only book of its kind, written by an insider and expert on the subject, FATAL EXIT provides an invaluable resource for anyone interested in why these devices have caused such international controversy. 606 $aTraffic accidents$xResearch$zUnited States$xEquipment and supplies 606 $aAutomobiles$xCollision damage$zUnited States$vStatistics 606 $aAutomobiles$zUnited States$xSafety measures 606 $aAutomobile industry and trade$zUnited States 606 $aPrivacy, Right of$zUnited States 615 0$aTraffic accidents$xResearch$xEquipment and supplies. 615 0$aAutomobiles$xCollision damage 615 0$aAutomobiles$xSafety measures. 615 0$aAutomobile industry and trade 615 0$aPrivacy, Right of 676 $a363.12/565 700 $aKowalick$b Tom$0845521 801 0$bMiAaPQ 801 1$bMiAaPQ 801 2$bMiAaPQ 906 $aBOOK 912 $a9911020207603321 996 $aFatal exit$91887690 997 $aUNINA LEADER 04843nam 22006855 450 001 9910300085903321 005 20251117074600.0 010 $a3-642-39156-7 024 7 $a10.1007/978-3-642-39156-9 035 $a(CKB)3710000000095034 035 $a(EBL)1698204 035 $a(OCoLC)881161745 035 $a(SSID)ssj0001187417 035 $a(PQKBManifestationID)11695501 035 $a(PQKBTitleCode)TC0001187417 035 $a(PQKBWorkID)11256747 035 $a(PQKB)10927647 035 $a(MiAaPQ)EBC1698204 035 $a(DE-He213)978-3-642-39156-9 035 $a(PPN)177820950 035 $a(iGPub)SPNA0033355 035 $a(EXLCZ)993710000000095034 100 $a20140331d2014 u| 0 101 0 $aeng 135 $aur|n|---||||| 181 $ctxt 182 $cc 183 $acr 200 10$aPediatric Ultrasound $eRequisites and Applications /$fby Michael Riccabona 205 $a1st ed. 2014. 210 1$aBerlin, Heidelberg :$cSpringer Berlin Heidelberg :$cImprint: Springer,$d2014. 215 $a1 online resource (451 p.) 300 $aIncludes index. 311 08$a3-642-39155-9 320 $aIncludes bibliographical references and index. 327 $aBasics: Physics of diagnostic ultrasound (US). US techniques. Artifacts. Biological effects of US. Practical US approach. Documentation and reporting. Future US methods. Basics of (Color) Doppler sonography -- Diagnostic flow charts, imaging algorithms, and graphs: Urinary tract diseases. Tumors and oncology. Abdomen. Systemic diseases. Graphs and illustrations for standardized measurements and volume calculations -- US investigations of various organs and systems: Pediatric cranial neurosonography. US of the neonatal spinal cord. Neck and facial/cervical glands. Chest US. Basics of pediatric and neonatal echocardiography. Abdominal US. Musculoskeletal and other small part US. US-guided interventions. 330 $aUltrasound plays an important role in the diagnostic imaging of infants and children and has indeed become the workhorse for many conditions. This is attributable both to the avoidance of ionizing radiation and to the unique features displayed on ultrasound in children in almost all body areas. In the future the potential of ultrasound can be expected to increase further owing to new developments such as ultrasound contrast material, three- or four-dimensional ultrasound, and ultrasound elastography.  This book systematically covers the use of ultrasound in all organ systems and throughout childhood. After discussion of the basics, including physics, artifacts, and procedural details, decision making regarding the use of ultrasound is elucidated by listing next imaging steps based on recommended imaging algorithms. The indications and prerequisites for a particular examination are documented, and practical tips and tricks are highlighted. The normal, age-dependent ultrasound findings and typical appearances in different pathologies are presented in detail and illustrated by numerous high-quality images. Particular emphasis is placed on those findings that differ from the adult sonographic appearances. In addition to the classic pediatric abdominal applications, detailed consideration is given to neurosonography, echocardiography, chest ultrasound, musculoskeletal and hip ultrasound, Doppler sonography, and interventional ultrasound. The potential role of the most modern techniques in various situations is explained. Pediatric Ultrasound will prove an invaluable source of information and an indispensable aid to decision making and diagnosis for radiology residents, experienced (pediatric) radiologists, sonographers, pediatricians, pediatric surgeons and urologists, and all other physicians who deal with children as a part of their daily practice. 606 $aRadiology 606 $aPediatrics 606 $aEmergency medicine 606 $aImaging / Radiology$3https://scigraph.springernature.com/ontologies/product-market-codes/H29005 606 $aUltrasound$3https://scigraph.springernature.com/ontologies/product-market-codes/H29064 606 $aPediatrics$3https://scigraph.springernature.com/ontologies/product-market-codes/H49006 606 $aEmergency Medicine$3https://scigraph.springernature.com/ontologies/product-market-codes/H22000 615 0$aRadiology. 615 0$aPediatrics. 615 0$aEmergency medicine. 615 14$aImaging / Radiology. 615 24$aUltrasound. 615 24$aPediatrics. 615 24$aEmergency Medicine. 676 $a610 676 $a616.07543 676 $a616.0757 676 $a616025 700 $aRiccabona$b Michael$4aut$4http://id.loc.gov/vocabulary/relators/aut$0755477 906 $aBOOK 912 $a9910300085903321 996 $aPediatric Ultrasound$91522382 997 $aUNINA